The new Taipans : A vital source book on the people and business of the Pacific rim

The New Taipans is a vital sourcebook on the people and business of the Asian Pacific region based on knowledge gathered by the author over a fifteen year period. Take the reader into a closed and privileged word, a word where the asian Dream was conceived and realized, and provides details of the e...

תיאור מלא

שמור ב:
מידע ביבליוגרפי
מחבר ראשי: Cragg, Claudia
פורמט: ספר
שפה:Undetermined
יצא לאור: London Arrow 1995
נושאים:
תגים: הוספת תג
אין תגיות, היה/י הראשונ/ה לתייג את הרשומה!
Thư viện lưu trữ: Trung tâm Học liệu Trường Đại học Cần Thơ
LEADER 00950nam a2200217Ia 4500
001 CTU_89230
008 210402s9999 xx 000 0 und d
082 |a 338.040959 
082 |b C885 
100 |a Cragg, Claudia 
245 4 |a The new Taipans : 
245 2 |b A vital source book on the people and business of the Pacific rim 
245 0 |c Claudia Cragg 
260 |a London 
260 |b Arrow 
260 |c 1995 
520 |a The New Taipans is a vital sourcebook on the people and business of the Asian Pacific region based on knowledge gathered by the author over a fifteen year period. Take the reader into a closed and privileged word, a word where the asian Dream was conceived and realized, and provides details of the economics culture and business philosophy. 
650 |a Businessmen,Doanh nhân 
650 |z Asia, Southeastern,Đông Nam Á 
904 |i Bằng 
980 |a Trung tâm Học liệu Trường Đại học Cần Thơ